000 00620nam a2200229Ia 4500
003 OSt
005 20221005033037.0
006 a|||||r|||| 00| 0
007 ta
008 221004b |||||||| |||| 00| 0 urd d
024 _a12378
037 _cTextual
040 _aCRL
_cCRL
_burd
041 _2urd
_aurd
082 _aO168,1L35x, H2
100 _aBeg Mirza Farhatullah
245 0 _aDeewan-e-Nazeer Akbrabaadi
260 _aDelhi
_bAnjuman Taraqqi Urdu India
_c1942
650 _aURDU POETRY
942 _hO168,1L35x, H2
_cTEXL
_2cc
999 _c940849
_d940849